[Event "MCR mladeze 2019 - FIDE Open"]
[Site "Kouty nad Desnou"]
[Date "2019.03.16"]
[Round "9"]
[White "Lajbl, Jan"]
[Black "Gemsa, Pavel"]
[Result "1-0"]
[WhiteElo "1966"]
[BlackElo "1884"]
[EventDate "2019.03.09"]

1. e4  c5  2. Nf3  d6
3. d4  cxd4  4. Nxd4
Nf6  5. Nc3  g6
6. Be2  Bg7  7. O-O  O-O
8. Re1  Nc6  9. Nb3
Be6  10. Bf1  Rc8
11. Bg5  Nd7  12. Qd2
Re8  13. Rab1  Nb6
14. Nd5  Ne5  15. Bb5
Bd7  16. Bxd7  Nexd7
17. c3  Nc4  18. Qe2
Ndb6  19. Nd2  Qd7
20. Nxc4  Nxc4  21. Rbd1
f6  22. Bh4  b5
23. f4  Kf7  24. b3  Nb6
25. e5  fxe5  26. fxe5
Qb7  27. Qf3+  Kg8
28. Nf6+  1-0

[Event "MCR mladeze 2019 - FIDE Open"]
[Site "Kouty nad Desnou"]
[Date "2019.03.16"]
[Round "9"]
[White "Kupsa, Matej"]
[Black "Malinovsky, Petr"]
[Result "0-1"]
[WhiteElo "1987"]
[BlackElo "2007"]
[EventDate "2019.03.09"]

1. d4  d5  2. f4  Nf6
3. Nf3  Bf5  4. e3
e6  5. Be2  Bd6
6. O-O  O-O  7. Ne5  Nbd7
8. Nd2  Ne4  9. Bf3
f6  10. Nxd7  Qxd7
11. Nxe4  dxe4  12. Be2
g5  13. g4  Bg6
14. c4  c6  15. Bd2  Rad8
16. b4  b6  17. c5
bxc5  18. bxc5  Bxc5
19. f5  Bf7  20. Ba5
Bb6  21. Bb4  Rfe8
22. Qc2  e5  23. Bc5
exd4  24. exd4  Bxc5
25. dxc5  Qd4+  26. Kg2
e3  27. Bf3  Bd5
28. h3  e2  0-1

[Event "MCR mladeze 2019 - FIDE Open"]
[Site "Kouty nad Desnou"]
[Date "2019.03.16"]
[Round "9"]
[White "Klubal, Jiri"]
[Black "Bochnicka, Vladimir"]
[Result "0-1"]
[WhiteElo "1791"]
[BlackElo "2149"]
[EventDate "2019.03.09"]

1. e4  c5  2. Nf3  Nc6
3. c4  d6  4. d4
Bg4  5. d5  Nd4
6. Be2  Bxf3  7. Bxf3  g6
8. Nc3  Bg7  9. O-O
Nf6  10. Qd3  O-O
11. Bd1  Nd7  12. f4
a6  13. a4  b6
14. Be3  Rb8  15. Ra2  Qc7
16. b3  Rb7  17. Ne2
e5  18. dxe6  Nxe6
19. Rd2  Nf6  20. Nc3 Nd4
21. Ne2  Nc6  22. Ng3
Ne8  23. Bf3  Rb8
24. Rfd1  Nb4  25. Qf1
f5  26. exf5  gxf5
27. Bd5+  Kh8  28. Rc1
Nf6  29. Bf3  Ne4
30. Bxe4  fxe4  31. Rcd1
Rbd8  32. Ne2  Nd3
33. Ng3  Qe7  34. Nxe4
Nb2  35. Rxb2  Bxb2
36. Qe1  Qxe4  37. Rd4
Qxe3+  0-1

[Event "MCR mladeze 2019 - FIDE Open"]
[Site "Kouty nad Desnou"]
[Date "2019.03.16"]
[Round "9"]
[White "Stastny, Jakub"]
[Black "Bares, Jachym"]
[Result "0-1"]
[WhiteElo "1785"]
[BlackElo "2022"]
[EventDate "2019.03.09"]

1. d4  Nf6  2. c4  c5
3. d5  b5  4. cxb5
a6  5. b6  Qxb6
6. Nc3  d6  7. e4  g6
8. Nf3  Bg7  9. Bd3
Nbd7  10. O-O  O-O
11. Nd2  Ne5  12. Nc4
Nxc4  13. Bxc4  a5
14. a4  Qb4  15. Qe2
Nd7  16. Ra3  Nb6
17. Bb5  Bd7  18. Na2
Bxb5  19. axb5  Qc4
20. Re1  Rfb8  21. Nc3
Qxe2  22. Rxe2  Nd7
23. Bd2  Bxc3  24. Bxc3
Rxb5  25. f4  Nb6
26. Kf2  a4  27. Ra1
Rb3  28. Ke3  a3
29. Kd3  Na4  30. Kc2
axb2  31. Kxb3  bxa1=Q
32. Bxa1  Nb6  33. Bc3
f5  34. exf5  Nxd5
35. fxg6  hxg6  36. g4
Ra4  0-1

[Event "MCR mladeze 2019 - FIDE Open"]
[Site "Kouty nad Desnou"]
[Date "2019.03.16"]
[Round "9"]
[White "Cibikova, Sofia Anna"]
[Black "Balin, Daniel"]
[Result "1-0"]
[WhiteElo "1812"]
[BlackElo "1811"]
[EventDate "2019.03.09"]

1. d4  c5  2. c3  d5
3. Bf4  Nc6  4. e3
Nf6  5. Bd3  g6
6. h3  Bg7  7. Nf3  O-O
8. Nbd2  cxd4  9. exd4
Bf5  10. Bxf5  gxf5
11. O-O  e6  12. Re1
b5  13. Ne5  Nxe5
14. Bxe5  Kh8  15. Re3
Rg8  16. Rg3  Qf8
17. Qe2  Ne4  18. Rxg7
Rxg7  19. Bxg7+  Qxg7
20. Nxe4  fxe4  21. Qxb5
Rg8  22. Qf1  Qh6
23. Kh1  Qd2  24. Rb1
Rb8  25. f3  e3
26. Qc1  Qxc1+  27. Rxc1  Rxb2
28. Re1  Rxa2  29. Rxe3
Rb2  30. Re1  Rb8
31. Ra1  Ra8  32. Ra6
Kg7  33. Kg1  Kf6
34. Kf2  Ke7  35. Ke3
Kd7  36. Kf4  Kc7
37. Ke5  Kb7  38. Ra3
Rg8  39. g4  Rg6
40. h4  h5  41. g5
a6  42. f4  Kb6
43. Kd6  f6  44. Kxe6  fxg5+
45. Kf5  Rc6  46. fxg5
Kb5  47. g6  Kc4
48. g7  Rc8  49. Kg6
Kd3  50. Kh7  Rc7
51. Kh8  1-0

[Event "MCR mladeze 2019 - FIDE Open"]
[Site "Kouty nad Desnou"]
[Date "2019.03.16"]
[Round "9"]
[White "Dejmal, Ondrej"]
[Black "Janouch, Jachym Stepan"]
[Result "1-0"]
[WhiteElo "1557"]
[BlackElo "1675"]
[EventDate "2019.03.09"]

1. e4  e5  2. f4  exf4
3. Nf3  h6  4. d4
g5  5. h4  Bg7
6. hxg5  hxg5  7. Rxh8  Bxh8
8. g3  fxg3  9. Nxg5
Qf6  10. Be3  d5
11. Nc3  Be6  12. Qh5
Qh6  13. Qxh6  Nxh6
14. Nxe6  Ng4  15. Nxc7+
Kd7  16. Bf4  Ne3
17. Bh3+  Kc6  18. exd5+
Kb6  19. Nxa8+  Ka6
20. Bxe3  1-0

[Event "MCR mladeze 2019 - FIDE Open"]
[Site "Kouty nad Desnou"]
[Date "2019.03.16"]
[Round "9"]
[White "Skalka, Jan"]
[Black "Broz, Petr"]
[Result "1-0"]
[WhiteElo "1904"]
[BlackElo "1883"]
[EventDate "2019.03.09"]

1. e4  e6  2. d4  d5
3. exd5  exd5  4. Bd3
Bd6  5. Nf3  Bg4
6. O-O  Ne7  7. Re1
Nbc6  8. c3  Qd7
9. Be3  O-O-O  10. b4
Rde8  11. Nbd2  f6
12. a4  h5  13. a5
g5  14. b5  Nd8
15. c4  dxc4  16. Bxc4  h4
17. Qb3  Bf5  18. b6
Kb8  19. d5  c5
20. Bb5  Nec6  21. dxc6  bxc6
22. bxa7+  Kxa7  23. Bc4
g4  24. Qb6+  Ka8
25. Bxc5  Bxc5  26. Qxc5
Rxe1+  27. Rxe1  gxf3
28. Nxf3  Nb7  29. Qb4
Qd6  30. Qb6  Nc5
31. Bb5  Bd7  32. Nd4
Rc8  33. Rc1  Qxd4
34. Rxc5  Qxc5  35. Qxc5
cxb5  36. Qd5+  Bc6
37. Qe6  Bb7  38. h3
Rc6  39. Qf5  Ba6
40. Qe4  Bb7  41. Qxh4
Ka7  42. Qb4  Ka6
43. h4  Rc4  44. Qe7
Kxa5  45. Qxb7  1-0

[Event "MCR mladeze 2019 - FIDE Open"]
[Site "Kouty nad Desnou"]
[Date "2019.03.16"]
[Round "9"]
[White "Kanka, Matej"]
[Black "Vaculik, Martin"]
[Result "1/2-1/2"]
[WhiteElo "1975"]
[BlackElo "1562"]
[EventDate "2019.03.09"]

1. Nf3  d5  2. b3  c5
3. e3  Nf6  4. Bb2
Bg4  5. Be2  Nc6
6. d4  e6  7. O-O
Be7  8. Nbd2  O-O
9. Ne5  Bxe2  10. Qxe2
Qb6  11. dxc5  Qxc5
12. Nxc6  Qxc6  13. c4
Qa6  1/2-1/2

[Event "MCR mladeze 2019 - FIDE Open"]
[Site "Kouty nad Desnou"]
[Date "2019.03.16"]
[Round "9"]
[White "Urbanova, Daniela"]
[Black "Janik, Marek Tobias"]
[Result "1-0"]
[WhiteElo "1786"]
[BlackElo "1676"]
[EventDate "2019.03.09"]

1. e4  c5  2. Nf3  Nc6
3. d4  cxd4  4. Nxd4
Nf6  5. Nc3  e5
6. Ndb5  d6  7. a4  a6
8. Na3  Be6  9. Bc4
Be7  10. Bxe6  fxe6
11. Qd3  O-O  12. Qh3
Qd7  13. O-O  Rac8
14. Nc4  Nd4  15. Nb6
Qc6  16. Nxc8  Rxc8
17. Bg5  Qe8  18. Rac1
Qf7  19. Kh1  Qg6
20. Be3  Nxe4  21. Nxe4
Qxe4  22. Bxd4  exd4
23. Rce1  Qg6  24. Rxe6
Qf7  25. Rxe7  Qxe7
26. Qxc8+  Kf7  27. Qc4+
Kf8  28. Qxd4  Kf7
29. Qe3  Qd7  30. Re1
d5  31. Qf4+  Kg6
32. h4  h6  33. g4
Kh7  34. Qf5+  Qxf5
35. gxf5  1-0

[Event "MCR mladeze 2019 - FIDE Open"]
[Site "Kouty nad Desnou"]
[Date "2019.03.16"]
[Round "9"]
[White "Cipl, Jan"]
[Black "Stocek, Martin"]
[Result "0-1"]
[WhiteElo "1626"]
[BlackElo "1704"]
[EventDate "2019.03.09"]

1. e4  c6  2. d4  d5
3. exd5  cxd5  4. c4
Nf6  5. Nc3  e6
6. Nf3  Nc6  7. Bg5  dxc4
8. Bxc4  Be7  9. a3
O-O  10. O-O  Qb6
11. Qd3  Rd8  12. Rfd1
Qa5  13. Bb3  Nxd4
14. Nxd4  Qxg5  15. Qc4
Qc5  16. Ndb5  Bd7
17. Qxc5  Bxc5  18. Nd6
Bxd6  19. Rxd6  Bc6
20. Rad1  Rxd6  21. Rxd6
Kf8  22. g3  Ke7
23. Rd1  Rd8  24. Kf1
Rxd1+  25. Bxd1  Ne4
26. Nxe4  Bxe4  27. Ke2
Kd6  28. Ke3  Bc6
29. Bc2  h6  30. b4
b6  31. Bb3  Bd5
32. Ba4  Ke5  33. Bc2
g5  34. f4+  Kd6
35. Kd4  f6  36. Bd3
a5  37. Bc2  gxf4
38. gxf4  e5+  39. fxe5+
fxe5+  40. Ke3  axb4
41. axb4  Ke6  42. h3
Kf6  43. h4  Be6
44. Kf3  Bf5  45. Bb3
Bb1  46. Bd5  Kf5
47. h5  Bc2  48. Bf7
Bd1+  49. Ke3  Kg5
50. Ke4  Bxh5  51. Bxh5
Kxh5  52. Kxe5  Kg4
53. Kd6  h5  54. Kc6
h4  55. Kxb6  h3
56. Ka7  h2  57. b5
h1=Q  58. b6  Qa1+
59. Kb8  Kf5  60. b7
Ke6  61. Kc7  Qc3+
62. Kb6  Qb4+  0-1

[Event "MCR mladeze 2019 - FIDE Open"]
[Site "Kouty nad Desnou"]
[Date "2019.03.16"]
[Round "9"]
[White "Hradek, Matyas"]
[Black "Jerabkova, Julia"]
[Result "1/2-1/2"]
[WhiteElo "1477"]
[BlackElo "1695"]
[EventDate "2019.03.09"]

1. e4  c6  2. d4  d5
3. Nc3  dxe4  4. Nxe4
Nd7  5. Nf3  Ngf6
6. Ng3  e6  7. Bd3
Bd6  8. Bg5  Qc7
9. Qd2  b6  10. O-O-O
Bb7  11. Kb1  O-O-O
12. Rhe1  h6  13. Be3
Nd5  14. c3  Nxe3
15. Qxe3  Nf6  16. c4
c5  17. dxc5  Bxc5
18. Qe2  Rhe8  19. Ne4
Nxe4  20. Bxe4  Bxe4+
21. Qxe4  Qb7  22. Qc2
Bb4  23. Rxd8+  Rxd8
24. Rd1  Qc7  25. Rxd8+
Qxd8  26. Ne5  Qc7
27. Qe4  Bd6  28. Qa8+
Qb8  29. Qc6+  Qc7
30. Qa8+  1/2-1/2

[Event "MCR mladeze 2019 - FIDE Open"]
[Site "Kouty nad Desnou"]
[Date "2019.03.16"]
[Round "9"]
[White "Rakovsky, Jakub"]
[Black "Sojma, Zdenek"]
[Result "1/2-1/2"]
[WhiteElo "1727"]
[BlackElo "1841"]
[EventDate "2019.03.09"]

1. e4  c6  2. Nc3  d5
3. Nf3  Nf6  4. e5
Ne4  5. Ne2  Qb6
6. d4  e6  7. Ng3
c5  8. Bd3  Nxg3
9. hxg3  g6  10. Ng5
Bg7  11. Qf3  Qc7
12. Bb5+  Nc6  13. Bxc6+
bxc6  14. Rxh7  Rxh7
15. Nxh7  cxd4  16. Nf6+
Bxf6  17. Qxf6  Qe7
18. Bg5  Qxf6  19. Bxf6
Kd7  20. O-O-O  Kc7
21. Rxd4  c5  22. Rf4
Bd7  23. Be7  Be8
24. Bxc5  Kc6  25. Bd6
a6  26. Kd2  Ra7
27. c4  f5  28. Kc3
a5  29. Rh4  g5
30. Rh8  Bd7  31. Rg8  g4
32. f3  gxf3  33. gxf3
Rb7  34. Ra8  dxc4
35. Rxa5  Rb5  36. Ra4
Kb6  37. Rxc4  Bc6
38. a4  Rd5  39. g4
Rd1  40. gxf5  exf5
41. Rb4+  Ka6  42. f4
Rc1+  43. Kd2  Ra1
44. e6  Bxa4  45. b3
Bc6  46. e7  Ra2+
47. Ke3  Ra1  48. Ra4+
Rxa4  49. bxa4  Bxa4
50. Kd4  Kb7  51. Ke5
Kc8  52. Kxf5  Kd7
53. Ke5  Ke8  54. Kf6
Bb3  55. f5  Ba2
1/2-1/2